000 00501nam a22001697a 4500
003 NUST
005 20220902154421.0
008 171212b xxu||||| |||| 00| 0 eng d
040 _c0
082 _a616.89
100 _4Sana Aslam
245 _aStudent-Teacher relationship and its association with stress experienced by the teachers in Special education
260 _aIslamabad
_bNUST
_c2017
300 _a76p
856 _uhttp://10.250.8.41:8080/xmlui/handle/123456789/6849
942 _2ddc
_cTHE
999 _c332537
_d332537